Der unsichtbare Wohnraum : Wohnsuffizienz als Antwort auf Wohnraummangel, Klimakrise und Einsamkeit.

Bibliographic Details
Main Author: Fuhrhop, Daniel.
Format: eBook
Language:German
Published: Bielefeld : transcript, 2023.
Edition:1st ed.
Series:Urban Studies
Subjects:
Online Access:Click to View
LEADER 01491nam a22003733i 4500
001 EBC7268895
003 MiAaPQ
005 20231204023229.0
006 m o d |
007 cr cnu||||||||
008 231204s2023 xx o ||||0 ger d
020 |a 9783839469002  |q (electronic bk.) 
020 |z 9783837669008 
035 |a (MiAaPQ)EBC7268895 
035 |a (Au-PeEL)EBL7268895 
035 |a (OCoLC)1390558977 
040 |a MiAaPQ  |b eng  |e rda  |e pn  |c MiAaPQ  |d MiAaPQ 
100 1 |a Fuhrhop, Daniel. 
245 1 4 |a Der unsichtbare Wohnraum :  |b Wohnsuffizienz als Antwort auf Wohnraummangel, Klimakrise und Einsamkeit. 
250 |a 1st ed. 
264 1 |a Bielefeld :  |b transcript,  |c 2023. 
264 4 |c Ã2023. 
300 |a 1 online resource (309 pages) 
336 |a text  |b txt  |2 rdacontent 
337 |a computer  |b c  |2 rdamedia 
338 |a online resource  |b cr  |2 rdacarrier 
490 1 |a Urban Studies 
588 |a Description based on publisher supplied metadata and other sources. 
590 |a Electronic reproduction. Ann Arbor, Michigan : ProQuest Ebook Central, 2023. Available via World Wide Web. Access may be limited to ProQuest Ebook Central affiliated libraries.  
655 4 |a Electronic books. 
776 0 8 |i Print version:  |a Fuhrhop, Daniel  |t Der unsichtbare Wohnraum  |d Bielefeld : transcript,c2023  |z 9783837669008 
797 2 |a ProQuest (Firm) 
830 0 |a Urban Studies 
856 4 0 |u https://ebookcentral.proquest.com/lib/matrademy/detail.action?docID=7268895  |z Click to View